Literature - British Literature | 0 | 5 | 0 | 0 | 50 | 93 | 127.00 | 2 | 5 |
Fine Arts - Auditory Fine Arts | 1 | 3 | 0 | 1 | 45 | 51 | 95.00 | 3 | 4 |
Literature - American Literature | 1 | 2 | 0 | 1 | 35 | 57 | 97.33 | 1 | 3 |
Other Arts: Auditory | 1 | 2 | 0 | 0 | 35 | 57 | 91.67 | 2 | 3 |
Literature - European Literature | 0 | 3 | 0 | 0 | 30 | 122 | 132.00 | 1 | 3 |
Science - Biology | 0 | 3 | 1 | 1 | 25 | 120 | 128.67 | 1 | 3 |
History - American History | 0 | 2 | 0 | 0 | 20 | 80 | 97.00 | 1 | 2 |
Beliefs | 0 | 2 | 1 | 1 | 15 | 150 | 152.00 | 0 | 2 |
Fine Arts - Visual Fine Arts | 0 | 2 | 1 | 1 | 15 | 123 | 135.00 | 1 | 2 |
Other Arts: Visual | 0 | 1 | 0 | 0 | 10 | 132 | 132.00 | 0 | 1 |
Philosophy | 0 | 1 | 0 | 0 | 10 | 97 | 97.00 | 0 | 1 |
World and Other Literature | 0 | 1 | 0 | 0 | 10 | 134 | 134.00 | 0 | 1 |
Geography | 0 | 0 | 0 | 0 | 0 | | 0.00 | 0 | 0 |
Science - Physics | 0 | 0 | 0 | 0 | 0 | | 0.00 | 0 | 0 |
British and Commonwealth History | 0 | 0 | 1 | 0 | -5 | | 0.00 | 0 | 0 |